Pokémon Platine - Les capacités de type Eau - Statistiques

Statistiques générales
  • Ce quiz a été pris 60 fois
  • Le résultat moyen est 15 sur 22
Statistiques - réponses
Gen Catégorie Capacité % Correct
I Spéciale Pistolet à O
98%
I Spéciale Surf
98%
I Spéciale Hydrocanon
94%
I Physique Cascade
92%
I Spéciale Bulles d'O
88%
I Spéciale Écume
81%
III Spéciale Vibraqua
81%
IV Physique Aqua-Jet
77%
III Physique Plongée
77%
II Statut Danse Pluie
73%
III Spéciale Hydroblast
73%
IV Physique Hydroqueue
71%
II Spéciale Siphon
67%
III Spéciale Giclédo
65%
IV Statut Anneau Hydro
63%
I Statut Repli
63%
IV Spéciale Saumure
60%
III Spéciale Ocroupi
58%
III Statut Tourniquet
52%
I Physique Claquoir
44%
I Physique Pince-Masse
40%
II Spéciale Octazooka
33%
Aucun quiz correspondant
Distribution des résultats
% des personnes avec chaque résultat
Percentile par nombre de réponses
Votre historique - résultats
Vous n’avez pas pris ce quiz